Statistics for Minecraft Multiple Choice Quiz - Difficult

Click here to take the quiz!

General Stats

  • This quiz has been taken 16 times
    (15 since last reset)
  • The average score is 10 of 15

Answer Stats

QuestionAnswer% Correct
Which of these do not drop meat?Horse
100%
Which of these *is* a real golem type?Snow Golem
100%
Which of these can not naturally appear in spawners?Creeper
93%
Which of these is not a wood type?Fir
93%
Which of these is not a minecraft colour?Light Red
93%
Which of these is the least commonly occuring block (by number in each chunk on average)?Pumpkin
86%
Which of these is not a nether fortress mob?Magma Cube
71%
Which of these is Minecraft Bedrock edition not available on?Nintendo 3DS
71%
Which of these mobs has the least health?Ghast
64%
Which of these is not a default skin?Johnny
57%
Which of these is not a rejected mob vote mob?Illusioner
50%
Which of these was not a real update?1.6 Forest Update
29%
The snapshot 13w36a was for which update?1.7
29%
Which of these is not a cat type?Sandy
29%
Which of these is not a type of Froglight?Crimson
14%

Score Distribution

Percentile by Number Answered

Percent of People with Each Score

Your Score History

You have not taken this quiz since the last reset